<?xml version="1.0" encoding="UTF-8"?>
<collection xmlns="http://www.loc.gov/MARC21/slim">
 <record>
  <leader>     na                 </leader>
  <controlfield tag="001">INLIS000000000004800</controlfield>
  <controlfield tag="005">20211203125318</controlfield>
  <datafield tag="035" ind1=" " ind2=" ">
   <subfield code="a">0010-0721000059</subfield>
  </datafield>
  <controlfield tag="008">211203                g          0 ind  </controlfield>
  <datafield tag="245" ind1="1" ind2=" ">
   <subfield code="a">Undang-Undang RI No.15 Tahun 2002 Dan Undang-Undang RI No.25 Tahun 2003 Tentang Tindak Pidana Pencucian Uang</subfield>
  </datafield>
  <datafield tag="110" ind1=" " ind2=" ">
   <subfield code="a">Fokus Media</subfield>
  </datafield>
  <datafield tag="260" ind1=" " ind2=" ">
   <subfield code="a">Bandung :</subfield>
   <subfield code="b">Fokus Media,</subfield>
   <subfield code="c">2003</subfield>
  </datafield>
  <datafield tag="300" ind1=" " ind2=" ">
   <subfield code="a">130 hlm. ;</subfield>
   <subfield code="c">20,5 cm.</subfield>
  </datafield>
  <datafield tag="084" ind1=" " ind2=" ">
   <subfield code="a">R.346.08 FOK u</subfield>
  </datafield>
  <datafield tag="520" ind1=" " ind2=" ">
   <subfield code="a">Undang-Undang RI No. 15 Th. 2002 Dan Undang-Undang RI No. 25 Th. 2003 Tentang Tindak Pidana Pencucian Uang Sebagaimana halnya dengan negara-negara lain, Indonesia juga memberi perhatian besar terhadap tindak pidana lintas negara yang terorganisir seperti pencucian uang dan terorisme. Pada tataran internasional upaya melawan pencucian uang ini dilakukan dengan membentuk satuan tugas yang disebut The Financial Action Task Force (FATF) on Money Laundering oleh kelompok 7 Negara (G-7) dalam G-7 Summit di Perancis pada bulan Juli 1999. Salah satu peran dari FATF adalah menetapkan kebijakan dan langkah-langkah yang diperlukan dalam bentuk rekomendasi tindakan untuk mencegah dan memberantas pencucian uang. Dan kepedulian Indonesia terhadap tindak pidana pencucian uang ini adalah dengan disahkannya Undang-undang No. 15 Tahun 2002 tentang Tindak Pidana Pencucian Uang dan Undang-undang No. 25 Tahun 2003 tentang Perubahan Atas Undang-Undang No. 15 Tahun 2002 tentang Tindak Pidana Pencucian Uang, dengan Undang-undang ini pencucian uang secara resmi dinyatakan sebagai tindak pidana dan oleh karena itu harus dicegah dan diberantas. Pencucian Uang adalah salah satu upaya untuk menyembunyikan atau menyamarkan asal usul harta kekayaan yang tidak sah dan diperoleh dari tindak pidana yang dilakukan di wilayah Indonesia atau diluar negara Indonesia. Dalam buku Undang-undang Tindak Pidana Pencucian Uang ini juga kami sertakan buku Pedoman Umum Pencegahan dan Pemberantasan Tindak Pidana Pencucian Uang bagi Penyedia Jasa Keuangan, Keputusan Pusat Pelaporan dan Analisis Keuangan (PPATK) No. 2/1/KEPPPATK/2003. PPATK diberi wewenang membantu penegak hukum untuk mencegah dan memberantas tindak pidana pencucian uang dan tindak pidana lainnya, bagi penyedia jasa keuangan dalam melakukan transaksi keuangan yang mencurigakan pada Bank. Lembaga Pembiayaan, Perusahaan Efek, Pengelola Reksa Dana, Bank Kustodian, Pedagang Valuta Asing. Dana Pensiun dan Perusahaan Asuransi. of</subfield>
  </datafield>
  <datafield tag="082" ind1=" " ind2=" ">
   <subfield code="a">R.346.08</subfield>
  </datafield>
  <datafield tag="650" ind1=" " ind2="4">
   <subfield code="a">Hukum Perbankan</subfield>
  </datafield>
  <datafield tag="990" ind1=" " ind2=" ">
   <subfield code="a">07107</subfield>
  </datafield>
  <datafield tag="990" ind1=" " ind2=" ">
   <subfield code="a">026869</subfield>
  </datafield>
  <datafield tag="990" ind1=" " ind2=" ">
   <subfield code="a">026870</subfield>
  </datafield>
  <datafield tag="990" ind1=" " ind2=" ">
   <subfield code="a">026871</subfield>
  </datafield>
  <datafield tag="990" ind1=" " ind2=" ">
   <subfield code="a">026872</subfield>
  </datafield>
  <datafield tag="990" ind1=" " ind2=" ">
   <subfield code="a">026873</subfield>
  </datafield>
  <datafield tag="990" ind1=" " ind2=" ">
   <subfield code="a">026869</subfield>
  </datafield>
 </record>
</collection>
